Представление документа в формате MARC21

Поле Инд. ПП Название Значение
Тип записи a
Библиографический уровень m
001 _ Контрольный номер RU/ЭБС IPR BOOKS/82989
005 Дата корректировки 20250915130957.7
008 Кодируемые данные 211122s2019 RU y f j 000 1 rus u
020 a ISBN 978-5-9614-4459-9
040 c Служба, преобразующая запись ЭБС IPR BOOKS
041 a Код языка текста rus
044 a Код страны публикации RU
080 a Индекс УДК 65
084 2 Источник индекса rubbk
a Индекс другой классификации/Индекс ББК 65.29
100 1_ a Автор Безручко, П.
4 Код отношения 070
245 a Заглавие Без воды: Как писать предложения и отчеты для первых лиц
c Ответственность П. Безручко
250 g 2022-03-26
a Основные сведения об издании Без воды: Как писать предложения и отчеты для первых лиц
256 a Характеристики компьютерного файла Электрон. дан. (1 файл)
260 a Место издания Москва
b Издательство Альпина Паблишер
c Дата издания 2019
300 a Объем 192 с.
500 a Примечание Книга находится в премиум-версии ЭБС IPR BOOKS.
516 a Прим. о типе комп. файла/ данных Текст
520 a Аннотация У первых лиц — генеральных директоров или вице-президентов компаний — нет времени на анализ лишней информации и распутывание витиеватых рассуждений. Их рабочий день расписан поминутно. К сожалению, лишь очень немногие из нас умеют излагать свои мысли так, как того требуют первые лица, — коротко, ясно, «без воды». А ведь от умения правильно выстроить логику своего предложения или структурировать отчет может зависеть успех вашего проекта или даже ваша карьера. Прочитав эту книгу, вы узнаете о том, каковы особенности первых лиц. Научитесь правильно формулировать цель своего обращения «наверх». Сможете создать структуру документа и написать текст, работающий на достижение этой цели. Вы научитесь писать кратко. И удивитесь тому, как часто ваши отчеты и предложения будут встречать понимание и согласие.
521 a Примеч. о целев. назн. Лицензия до 26.03.2022
538 a Прим. о системных особенностях электронный
653 a Ключевые слова первые лица
653 a Ключевые слова руководство
653 a Ключевые слова отчет
653 a Ключевые слова документ
653 a Ключевые слова предложение
653 a Ключевые слова текст
856 4_ u URL http://www.iprbookshop.ru/82989.html
z Примечание для пользователя Участвует в КО